000 00774nam0a22002651 4500
001 RU\NLR\INFOCOMM4\ROSSICA\1000404233
005 20250613193806.0
035 _a(NLR Aleph) 009980620
090 _a9692974
_c9692974
100 _a20030407d1850 |||y0rusy50 ca
101 0 _afre
102 _aRU
105 _ay ||||000ay
200 1 _aRemarques sur le terrains plutoniques du sud-ouest de la Russie
_fAnt. Andrzejowski
210 _aMoskou
_d1850
215 _d
421 0 _12001#$aSupplément
_1210##$aMoscou$d1853
_1852##$aNLR$b13.6.2.363
_tSupplément
700 1 _aAndrzejowski
_bA.
_gAnt.
_4070
801 1 _aRU
_bInfoComm
_c20030407
801 0 _aRU
_bNLR
_gPSBO
852 _aNLR
_j12.40.2.133
942 _cBOOK
980 _aNB
980 _aRossica